000 00613nam a2200241Ia 4500
008 160803s9999 xx 000 0 und d
020 _a9780439080699
100 _aWood, Audrey
245 _aAalphabet dventure /
245 _cby Audrey Wood ; illustrated by Bruce Wood.
260 _aNew York :
260 _bScholastic Inc.
260 _c2001
300 _a1 volume (unpaged) :
300 _bcolor illustrations ;
300 _c25 x 28 cm
650 _aAlphabet --
650 _aAlphabet --
650 _aAlphabet.
650 _xFiction.
650 _xJuvenile fiction.
700 _a410
999 _c298176
_d298176